| 000 | 02073cam a22006014i 4500 | ||
|---|---|---|---|
| 003 | PE-LiUPU | ||
| 005 | 20250731170408.0 | ||
| 008 | 140421s2012 sp a gr 1 spa | ||
| 020 | _a9788484696131 | ||
| 035 | _a(Sirsi) i9788484696131 | ||
| 040 |
_aPE-LiUPU _bspa _cPE-LiUPU _erda |
||
| 049 | _aPRUA | ||
| 082 | 0 | 4 |
_a109 _bG79 |
| 100 | 1 |
_aGrande Sánchez, Pedro José, _eautor. |
|
| 245 | 1 | 0 |
_aHistoria de las ideas filosóficas / _cPedro José Grande Sánchez. |
| 250 | _aPrimera edición. | ||
| 264 | 1 |
_aMadrid : _bEdiciones Internacionales Universitarias, _c2012. |
|
| 300 |
_a173 páginas : _bilustraciones ; _c24 centímetros. |
||
| 336 |
_atext _2rdacontent |
||
| 337 |
_aunmediated _2rdamedia |
||
| 338 |
_avolume _2rdacarrier |
||
| 490 | 0 | _aYumelia | |
| 505 | 0 | _aEdad Antigua -- Los presocráticos -- Sofistas y Sócrates -- Platón -- -Aristóteles -- San Agustín -- Santo Tomás de Aquino -- Edad Moderna -- Descartes -- Locke -- Hume -- Rousseau -- Kant -- Edad contemporánea -- Marx -- Nietzsche -- Ortega y Gasset -- Wittgenstein. | |
| 526 | _aSEG68 | ||
| 526 | _aSEG70 | ||
| 526 | _aSEG69 | ||
| 526 | _aSEG67 | ||
| 526 | _aSEG43 | ||
| 526 | _aP144 | ||
| 526 | _aP143 | ||
| 526 | _aP131 | ||
| 526 | _aP122 | ||
| 526 | _aP120 | ||
| 526 | _aP117 | ||
| 526 | _aP112 | ||
| 526 | _aP110 | ||
| 526 | _aP106 | ||
| 526 | _aP101 | ||
| 526 | _aP80 | ||
| 526 | _aP59 | ||
| 526 | _aP54 | ||
| 526 | _aP35 | ||
| 526 | _aP33 | ||
| 526 | _aP30 | ||
| 650 | 1 | 4 |
_aFilosofía _xHistoria. |
| 910 | _agl20131210 | ||
| 942 |
_2ddc _cBOOK |
||
| 949 |
_a109 G79 _wDEWEY _c1 _i69550 _d2016-8-18 _e2016-8-18 _lCCODEBUL1 _mBUL _n2 _p27.00 _r0 _sY _tBOOK _u2015-7-6 _xTEOLOGIA _PP35 _0COMPRA _o.STAFF. Colección General |
||
| 994 |
_aC0 _bPEPRU |
||
| 596 | _a1 | ||
| 999 |
_a109 G79 _wDEWEY _c6065 _i69550 _d6065 _e2018-6-4 _f2021-11-8 _g5 _lCCODEBUL1 _mBUL _n8 _p27.00 _q3 _r0 _sY _tBOOK _u2015-7-6 _xTEOLOGIA _PP35 _0COMPRA _o.STAFF. Colección Teología |
||
| 980 |
_81 _gALBERTO SANCHEZ Responsable de Automatización |
||